|
|
|
|
| LEADER |
00000nkm a2200000 4500 |
| 001 |
vtls012264648 |
| 003 |
SK-MaSNL |
| 005 |
20260301232038.0 |
| 007 |
kz cm |
| 008 |
241003s2024 xo b 00 kuslo |
| 015 |
|
|
|a SNBG2025
|
| 020 |
|
|
|a 9788099973597
|
| 040 |
|
|
|a SNK
|b slo
|c SNK
|e rda
|
| 041 |
0 |
|
|a slo
|
| 044 |
|
|
|a xo
|c SK
|
| 072 |
|
7 |
|a 0/9-053.2
|x Literatúra pre deti a mládež (náučná)
|2 konspekt
|
| 072 |
|
7 |
|a 373.2/.3
|x Predškolská a primárna výchova a vzdelávanie
|2 konspekt
|
| 080 |
|
|
|a 159.937.52
|2 2011
|
| 080 |
|
|
|a 159.955
|2 2011
|
| 080 |
|
|
|a 37.091.33
|2 2011
|
| 080 |
|
|
|a (0.026.6)37.02
|2 2011
|
| 080 |
|
|
|a (0.053.2)
|2 2011
|
| 100 |
1 |
|
|a Totkovičová, Martina,
|d 1976-
|4 aut
|9 69037
|
| 245 |
1 |
0 |
|a Vpravo alebo vľavo
|h grafika
|b orientácia v rovine a v priestore s využitím vlastnej skúsenosti
|c Martina Totkovičová, Elena Hoššová ; ilustrácie: Rebeca Tomagová
|
| 264 |
|
1 |
|a Bratislava
|b ABCedu
|c [2024]
|
| 300 |
|
|
|a návody a inšpirácie (23 strán), 68 edukačných kariet, 5 hracích plánov, 4 úrovne, autokorektívne prvky
|b farebné
|
| 336 |
|
|
|a trojrozmerná forma
|b tdf
|2 rdacontent
|
| 336 |
|
|
|a statický obraz
|b sti
|2 rdacontent
|
| 337 |
|
|
|a bez média
|b n
|2 rdamedia
|
| 338 |
|
|
|a objekt
|b nr
|2 rdacarrier
|
| 338 |
|
|
|a karta
|b no
|2 rdacarrier
|
| 490 |
1 |
|
|a Hravé učenie
|
| 500 |
|
|
|a Rok vydania podľa NA ISBN
|
| 500 |
|
|
|a Hry sú uložené v kartónovej krabičke (17 x 17 x 4 cm)
|
| 521 |
8 |
|
|a Pre deti od 4 rokov
|
| 650 |
0 |
7 |
|a priestorové vnímanie
|2 SNKPH
|9 50823
|
| 650 |
0 |
7 |
|a priestorová orientácia
|2 SNKPH
|9 74558
|
| 650 |
0 |
7 |
|a rozvoj myslenia
|2 SNKPH
|9 3967
|
| 650 |
0 |
7 |
|a didaktické hry
|2 SNKPH
|9 63297
|
| 655 |
|
7 |
|a didaktické karty
|2 SNKPH
|9 368503
|
| 655 |
|
7 |
|a publikácie pre deti
|2 SNKPH
|9 70148
|
| 700 |
1 |
|
|a Hoššová, Elena
|4 aut
|9 625088
|
| 700 |
1 |
|
|a Tomagová, Rebeca
|4 ill
|9 368504
|
| 830 |
|
0 |
|a Hravé učenie
|9 367241
|
| 852 |
|
|
|a Slovenská národná knižnica
|
| 919 |
|
|
|a 978-80-99973-59-7
|
| 954 |
|
|
|a odborná, vedecká literatúra pôvodná (slovenská)
|2 lita
|
| 954 |
|
|
|a grafika pôvodná (slovenská)
|2 lita
|
| 999 |
|
|
|c 960232
|d 962162
|
| 952 |
|
|
|a SNK
|b SNK
|y NEVYP
|7 1
|p 17A1549730
|o snkOSD 11088
|i snk2024/15259
|8 0
|z V kartónovej krabičke (17 x 17 x 4 cm) uložené návody a inšpirácie (23 strán), 68 edukačných kariet, 5 hracích plánov
|0 0
|1 0
|4 0
|d 2024-10-03
|l 0
|r 2026-02-24 10:16:49
|w 2026-02-24
|
| 952 |
|
|
|a SNK
|b SNK
|y PREZ
|7 0
|p 17A1549731
|o snkOSD 11088 D1
|i snk2024/15260
|8 0
|z V kartónovej krabičke (17 x 17 x 4 cm) uložené návody a inšpirácie (23 strán), 68 edukačných kariet, 5 hracích plánov
|0 0
|1 0
|4 0
|d 2024-10-03
|l 0
|r 2026-02-24 10:16:49
|w 2026-02-24
|